[Event "Aarhus-A"]
[Site "Aarhus"]
[Date "1995.??.??"]
[Round "3"]
[White "Alkaersig, Ole"]
[Black "Nielsen, Soren Holst"]
[Result "1-0"]
[WhiteElo "2185"]
[BlackElo "2195"]

1.e4 g6 2.d4 Bg7 3.Nc3 d6 4.f4 Nc6 5.Be3 Nf6 6.Nf3 O-O 7.e5 Ng4 8.Bg1 dxe5
9.dxe5 Nb4 10.h3 Nh6 11.a3 Na6 12.g4 c6 13.Qxd8 Rxd8 14.Rh2 f6 15.Bc4+ Nf7
16.exf6 exf6 17.Rd1 Rxd1+ 18.Kxd1 b6 19.Re2 Kf8 20.Ne4 Nc7 21.Bd4 Ne8 22.Bc3 Nfd6
23.Nxd6 Nxd6 24.Bb3 c5 25.Bd5 Rb8 26.g5 Nb5 27.Bxf6 Bxf6 28.gxf6 Bb7 29.Bxb7 Rxb7
30.Ne5 Nd4 31.Rd2 Ke8 32.c3 Ne6 33.Ke1 Nd8 34.Kf2 Nf7 35.Kg3 b5 36.Kg4 Rb6
37.Nxf7 Kxf7 38.Rd7+ Kxf6 39.Rxa7 h5+ 40.Kf3 Ke6 41.Rg7 Kf6 42.Ra7 b4 43.axb4 cxb4
44.c4 Rd6 45.Ke3 Rd1 46.Rb7 Rh1 47.Rxb4 Rxh3+ 48.Ke4 Rh1 49.Rb6+ Kf7 50.b4 Re1+
51.Kd5 h4 52.Rb7+ Kg8 53.Ra7 Rd1+ 54.Kc5 h3 55.Ra2 Kf8 56.Re2 Rg1 57.b5 Rg2
58.Re3 h2 59.Rh3 Ke7 60.Kc6 Rf2 61.c5 Rxf4 62.Rxh2 Rf6+ 63.Kc7 Rf5 64.Re2+ Kf7
65.Kb6  1-0

[Event "Aarhus-A"]
[Site "Aarhus"]
[Date "1995.??.??"]
[Round "4"]
[White "Nielsen, Soren Holst"]
[Black "Wirth, Gotthard"]
[Result "1/2-1/2"]
[WhiteElo "2195"]
[BlackElo "2230"]

1.e4 g6 2.d4 Bg7 3.Nc3 d6 4.Be3 a6 5.Qd2 Nd7 6.h4 h5 7.Nh3 b5 8.Ng5 Bb7 9.a4 b4
10.Bc4 e6 11.Ne2 Ngf6 12.f3 d5 13.exd5 Bxd5 14.Bd3 O-O 15.Qxb4 Rb8 16.Qa3 Re8
17.Rd1 e5 18.dxe5 Bf8 19.Qa1 Nxe5 20.Bf2 Qe7 21.Ne4 Bxe4 22.fxe4 Neg4 23.O-O Nxe4
24.Bxe4 Qxe4 25.Nc3 Qxc2 26.Qc1 Rxb2 27.Qf4 Qxc3 28.Bd4 Qc4 29.Bxb2 Bc5+
30.Bd4 Rd8 31.Bxc5 Qxc5+ 32.Kh1 Rxd1 33.Qxf7+ Kh8 34.Qe8+ Kh7 35.Qf7+ Kh8
36.Qe8+ Kh7 37.Qf7+ Kh6 38.Qf4+ Kh7 39.Qf7+ Kh6 40.Qf4+ g5 41.hxg5+ Qxg5
42.Qf8+ Kh7 43.Rxd1 Qh4+ 44.Kg1 Qh2+ 45.Kf1 Qh1+ 46.Ke2 Qxg2+ 47.Ke1 Qg1+
48.Kd2 Qd4+ 49.Kc1 Qa1+ 50.Kd2 Qb2+ 51.Ke1 Qc3+ 52.Ke2 Qe3+ 53.Kf1 Qh3+ 54.Ke2 Qe3+  1/2-1/2

[Event "Cseppko op"]
[Site "Aggtelek"]
[Date "1995.??.??"]
[Round "?"]
[White "Szep, Attila"]
[Black "Beszterczey, Laszlo"]
[Result "0-1"]
[WhiteElo "2060"]
[BlackElo "2180"]

1.e4 g6 2.d4 Bg7 3.Nc3 d6 4.Be3 c6 5.Qd2 b5 6.a3 a6 7.Nge2 Nd7 8.f3 Nb6 9.b3 Bd7
10.g4 e6 11.Ng3 d5 12.e5 Qc7 13.Be2 h6 14.f4 Bf8 15.Nd1 a5 16.Nf2 c5 17.dxc5 Bxc5
18.Bxc5 Qxc5 19.Nd3 Qc7 20.Bf3 Ra7 21.Ne2 Ne7 22.Nd4 O-O 23.h4 Kg7 24.h5 Rh8
25.Ke2 Na8 26.Rh2 Qb6 27.Nf2 Rc7 28.hxg6 fxg6 29.Rah1 Nc6 30.Nxc6 Qxc6 31.Kd1 a4
32.Nd3 axb3 33.cxb3 Qc3 34.f5 Qxb3+ 35.Ke1 Qc3 36.f6+ Kg8 37.Rxh6 Rxh6 38.Rxh6 Be8
39.Bd1 Nb6 40.Qxc3 Rxc3 41.Nf4 Re3+ 42.Kf2 Rxe5 43.Nxg6 Bxg6 44.Rxg6+ Kf7
45.Rh6 Rg5 46.Be2 Nc4 47.Bxc4 dxc4 48.Kf3 Rc5 49.Ke2 Rd5 50.Rh7+ Kxf6 51.Rc7 Ke5
52.a4 Kd6 53.Rc8 Kd7 54.Rb8 bxa4 55.Rb4 Ra5 56.Rxc4 a3 57.Rc1 a2 58.Ra1 Ra3
59.Kd2 Ke7 60.Kc2 Rg3 61.Kb2 Rxg4 62.Rxa2 Rg2+ 63.Kb1 Rxa2 64.Kxa2  0-1

[Event "Cseppko op"]
[Site "Aggtelek"]
[Date "1995.??.??"]
[Round "?"]
[White "Kovacs, Aladar"]
[Black "Bognar, Csaba"]
[Result "1-0"]
[WhiteElo "2210"]
[BlackElo "2015"]

1.e4 g6 2.d4 Bg7 3.Nc3 d6 4.Bg5 Nf6 5.e5 dxe5 6.dxe5 Qxd1+ 7.Rxd1 Ng4 8.Nd5 Bxe5
9.Nf3 Bd6 10.Bxe7 Kd7 11.Bxd6 cxd6 12.h3 Nh6 13.Bb5+ Nc6 14.O-O Kd8 15.Rfe1 Be6
16.Nf4 Kd7 17.Rd2 a6 18.Bxc6+ bxc6 19.Red1 d5 20.c4 Ke7 21.cxd5 cxd5 22.Nxd5+ Bxd5
23.Rxd5 Rhb8 24.Rd7+ Kf6 25.g4 Kg7 26.g5 Nf5 27.b3 Re8 28.Kf1 h6 29.gxh6+ Nxh6
30.Rc7 a5 31.Rdd7 Kf6 32.Ra7 Kf5 33.Kg2 f6 34.Rd5+ Ke4 35.Rdxa5 Rac8 36.Rd7 Ra8  1-0

[Event "Alma Ata"]
[Site "Alma Ata"]
[Date "1995.??.??"]
[Round "2"]
[White "Barua, Dibyendu"]
[Black "Kakageldyev, Amanmurad"]
[Result "1/2-1/2"]
[WhiteElo "2515"]
[BlackElo "2450"]

1.e4 g6 2.d4 Bg7 3.Nc3 d6 4.Nf3 c6 5.a4 Nf6 6.Be2 O-O 7.O-O Nbd7 8.h3 Qc7
9.Be3 Re8 10.Qb1 e5 11.dxe5 dxe5 12.Rd1 Bf8 13.Bc4 Nb6 14.Bb3 Be6 15.Bxe6 Rxe6
16.Qa2 Bb4 17.Ng5 Re7 18.Ne2 h6 19.Qb3 Bd6 20.Nf3 Kg7 21.a5 Nbd7 22.Qc4 Re6
23.g4 Ne8 24.g5 hxg5 25.Nxg5 Rf6 26.Rd3 b5 27.axb6 Nxb6 28.Qa2 c5 29.Nc3 c4
30.Nb5 Qb8 31.Rxd6 Rxd6 32.Nxd6 Qxd6 33.Qa6  1/2-1/2

[Event "Alma Ata"]
[Site "Alma Ata"]
[Date "1995.??.??"]
[Round "8"]
[White "Yurtaev, Leonid"]
[Black "Kakageldyev, Amanmurad"]
[Result "1-0"]
[WhiteElo "2505"]
[BlackElo "2450"]

1.e4 g6 2.d4 Bg7 3.Nc3 d6 4.Be2 c6 5.a4 Nd7 6.Nf3 Qc7 7.O-O Ngf6 8.Re1 O-O
9.b3 e5 10.Ba3 exd4 11.Nxd4 Re8 12.Bc4 Ne5 13.Bf1 Bd7 14.Qd2 Rad8 15.Rad1 Bc8
16.h3 a6 17.f4 c5 18.fxe5 cxd4 19.exf6 dxc3 20.Qd4 Bh6 21.Bxd6 Bd2 22.e5 Qc6
23.Rxd2 cxd2 24.Qxd2 Kh8 25.Qh6 Rg8 26.Bc4 Qe8 27.Be7 Rd4 28.c3 Rxc4 29.bxc4 g5
30.Rd1 Rg6 31.Qh5 Bd7 32.Rd4 g4 33.hxg4 Rg8 34.Qh6  1-0

[Event "Altensteig"]
[Site "Altensteig"]
[Date "1995.??.??"]
[Round "1"]
[White "Vogt, Lothar"]
[Black "Hickl, Joerg"]
[Result "0-1"]
[WhiteElo "2475"]
[BlackElo "2570"]

1.e4 g6 2.d4 Bg7 3.Nc3 d6 4.Be3 a6 5.a4 Nf6 6.Be2 Nbd7 7.f4 O-O 8.e5 Ne8
9.Nf3 c6 10.O-O Nc7 11.Qd2 Nb6 12.Bf2 Bh6 13.g3 a5 14.Rad1 Bg4 15.Nh4 Be6
16.Bf3 f6 17.b3 Qd7 18.Ne4 Nbd5 19.c4 Nb4 20.Qe2 b6 21.exd6 exd6 22.d5 cxd5
23.cxd5 Ncxd5 24.Bd4 Bg7 25.Qf2 Rab8 26.Nd2 Nc6 27.f5 gxf5 28.Nxf5 Bxf5 29.Bxd5+ Be6
30.Bxe6+ Qxe6 31.Bxb6 f5 32.Rfe1 Ne5 33.Nc4 f4 34.Rxd6 Nf3+ 35.Kf1 Qh3+ 36.Ke2 Rbe8+  0-1

[Event "Altensteig"]
[Site "Altensteig"]
[Date "1995.??.??"]
[Round "3"]
[White "Luther, Thomas"]
[Black "Hickl, Joerg"]
[Result "1/2-1/2"]
[WhiteElo "2550"]
[BlackElo "2570"]

1.e4 g6 2.d4 Bg7 3.Nc3 d6 4.f4 Nc6 5.Bb5 Bd7 6.Nf3 a6 7.Be2 e6 8.Be3 b5 9.a3 Nge7
10.Qd2 O-O 11.h4 h5 12.Ng5 f6 13.Nxe6 Bxe6 14.d5 Bd7 15.dxc6 Bxc6 16.O-O-O f5
17.Bd4 Bxd4 18.Qxd4 fxe4 19.g4 Rxf4 20.gxh5 Nf5 21.Qg1 Qf6 22.hxg6 Nxh4 23.Nd5 Bxd5
24.Rxd5 Kg7 25.Rh5 Rh8 26.Rxh8 Kxh8 27.Qa7 Kg7 28.Qxc7+ Kxg6 29.Qc8 Rf5 30.Qe8+ Kh6
31.Qxe4 Rf4 32.Qe8 Qe5 33.Qxe5 dxe5 34.Rd1 Nf5 35.Rd5 e4 36.Re5 Kg5 37.c3 Rh4
38.Re6  1/2-1/2

[Event "Altensteig"]
[Site "Altensteig"]
[Date "1995.??.??"]
[Round "10"]
[White "Hracek, Zbynek"]
[Black "Hickl, Joerg"]
[Result "1-0"]
[WhiteElo "2635"]
[BlackElo "2570"]

1.e4 d6 2.d4 g6 3.Nc3 Bg7 4.Nf3 c6 5.Be2 Nf6 6.O-O O-O 7.h3 Nbd7 8.e5 Nd5
9.exd6 exd6 10.Nxd5 cxd5 11.c3 Nb6 12.Bg5 Qc7 13.Qc1 Bf5 14.Nh2 f6 15.Bf4 Rae8
16.Re1 Bd7 17.Nf1 Bc6 18.Bd3 a6 19.Ng3 Bb5 20.Bc2 Qd7 21.b3 Qc7 22.a4 Rxe1+
23.Qxe1 Bd7 24.Bd3 Re8 25.Qd2 Be6 26.h4 Nd7 27.h5 f5 28.hxg6 hxg6 29.Bh6 Nf6
30.Bxg7 Qxg7 31.f3 Nh7 32.Kf2 Qf6 33.Qf4 Qg5 34.Ne2 Qxf4 35.Nxf4 Bf7 36.a5 Kg7
37.Ra4 g5 38.Ne2 Bg6 39.Rb4 Re7 40.Rb6 Rd7 41.f4 gxf4 42.Nxf4 Nf6 43.Kf3 Bh7
44.Ne6+ Kg8 45.c4 Bg6 46.c5 Ne4 47.Bxa6  1-0

[Event "Ankara zt"]
[Site "Ankara"]
[Date "1995.??.??"]
[Round "3"]
[White "Tzermiadianos, Andreas"]
[Black "Tosic, Miroslav"]
[Result "1/2-1/2"]
[WhiteElo "2440"]
[BlackElo "2420"]

1.e4 g6 2.d4 Bg7 3.Nc3 d6 4.f4 Na6 5.Nf3 Nf6 6.Be2 O-O 7.O-O c5 8.Kh1 d5
9.e5 Ne4 10.Be3 Nxc3 11.bxc3 Qc7 12.Nh4 e6 13.g4 cxd4 14.cxd4 Nb4 15.Bd2 Nc6
16.c3 f6 17.exf6 Bxf6 18.Qe1 Bd7 19.Nf3 Rae8 20.Qg3 Na5 21.g5 Bg7 22.Ne5  1/2-1/2

[Event "Ano Liosia op"]
[Site "Ano Liosia"]
[Date "1995.??.??"]
[Round "9"]
[White "Boensch, Uwe"]
[Black "Nikolaidis, Ioannis"]
[Result "1/2-1/2"]
[WhiteElo "2550"]
[BlackElo "2495"]

1.d4 g6 2.e4 Bg7 3.Nc3 d6 4.Nf3 a6 5.a4 b6 6.Bd3 e6 7.e5 Bb7 8.Bg5 Qd7 9.O-O h6
10.Bf4 g5 11.Bg3 Ne7 12.Re1 Kf8 13.h4 Nf5 14.Bxf5 exf5 15.hxg5 hxg5 16.Nxg5 Nc6
17.exd6 cxd6 18.Nd5 Qd8 19.Nf3 Na5 20.Nf4 Qf6 21.d5 Nc4 22.Nh3 Nxb2 23.Qe2 Bxd5
24.Ra3 Nc4 25.Qd3 Bxf3 26.Qxf3 Rb8 27.Qd5 Qd4 28.Rd3 Qxd5 29.Rxd5 Be5 30.Bxe5 dxe5
31.Rd7 Re8 32.Rc7 Nb2 33.a5 bxa5 34.Rb1 Rb8 35.Ng5 Kg7 36.Nxf7 Rhc8 37.Ra7 Kf6
38.Nd6 Rc6 39.Ne8+ Rxe8 40.Rxb2 Rd6 41.g3 Rc8 42.Kg2 a4 43.Rb4 Rxc2 44.Rxa4 Rcc6
45.Ra5 e4 46.Ra8 Kg5 47.Rg8+ Rg6 48.Rf8 Rcf6 49.Rh8 Rb6 50.Rf8 Rgf6 51.Rg8+ Rg6  1/2-1/2

[Event "BEL-chT9596"]
[Site "Antwerp"]
[Date "1995.??.??"]
[Round "3"]
[White "Ahn, Martin"]
[Black "Meurrens, Peter"]
[Result "1-0"]
[WhiteElo "2290"]
[BlackElo "2250"]

1.e4 g6 2.d4 Bg7 3.Nc3 d6 4.Be3 Nf6 5.f3 c6 6.Qd2 b5 7.h4 Nbd7 8.g4 Qa5 9.h5 Nb6
10.h6 Bf8 11.Rh2 Bb7 12.Nd1 Qxd2+ 13.Rxd2 O-O-O 14.Nf2 Ng8 15.g5 f6 16.Ng4 Kc7
17.O-O-O a6 18.Nh3 Bc8 19.Nhf2 Re8 20.b3 fxg5 21.Bxg5 Nf6 22.Kb2 Nh5 23.c3 Nd7
24.e5 d5 25.e6 Ndf6 26.Re1 Rd8 27.Nd3 Rg8 28.Nc5 Nxg4 29.fxg4 Nf6  1-0

[Event "Arhus Sommer"]
[Site "Arhus"]
[Date "1995.??.??"]
[Round "4"]
[White "Holst, Allan"]
[Black "Hoiberg, Nina"]
[Result "0-1"]
[WhiteElo "2340"]
[BlackElo "2260"]

1.d4 d6 2.e4 g6 3.Nc3 Bg7 4.Nge2 Nd7 5.g3 e5 6.Bg2 Ngf6 7.O-O O-O 8.h3 c6
9.a4 Re8 10.Be3 Nf8 11.Qd2 d5 12.exd5 Nxd5 13.Nxd5 cxd5 14.dxe5 Bxe5 15.c3 Be6
16.Nf4 Qc7 17.Rfe1 Nd7 18.Nxd5 Qc4 19.Nf4 Nc5 20.Bxc5 Bxf4 21.Qxf4 Qxc5 22.Re5 Qc8
23.Rae1 Qd7 24.h4 Rac8 25.h5 Rc4 26.Qf6 Qe7 27.Qxe7 Rxe7 28.a5 gxh5 29.Rg5+ Kf8
30.Rxh5 Kg7 31.Rb5 Rcc7 32.Rg5+ Kf6 33.Rge5 Red7 34.Bf3 Rd2 35.R5e2 Rdd7
36.Re4 Rc5 37.Rf4+ Kg7 38.Rb4 Rxa5 39.Bxb7 Rd2 40.Be4 Bf5 41.Bc6 Bg6 42.Bb5 a6
43.Bc4 Bh5 44.Kg2 Rf5 45.Bf1 Rfxf2+ 46.Kg1 Rf3 47.Re2 Rxf1+ 48.Kxf1 Bxe2+
49.Ke1 Rc2  0-1

[Event "Arhus Sommer"]
[Site "Arhus"]
[Date "1995.??.??"]
[Round "6"]
[White "Rewitz, Poul"]
[Black "Hoiberg, Nina"]
[Result "1-0"]
[WhiteElo "2325"]
[BlackElo "2260"]

1.e4 g6 2.d4 Bg7 3.Nc3 d6 4.Be3 Nf6 5.f3 Bd7 6.Qd2 h5 7.O-O-O e5 8.dxe5 dxe5
9.Bg5 Qc8 10.Bc4 O-O 11.h4 Be6 12.Nd5 Nxd5 13.exd5 Bf5 14.Bh6 c6 15.d6 Be6
16.Be2 Nd7 17.g4 Nf6 18.Bxg7 Kxg7 19.Qg5 Nd7 20.gxh5 Qd8 21.Qg3 Rh8 22.hxg6 fxg6
23.Bd3 Qf6 24.Ne2 Rh5 25.Nc3 Rah8 26.Ne4 Qf4+ 27.Qxf4 exf4 28.Ng5 Nc5 29.Nxe6+ Nxe6
30.Rde1 Kf6 31.Bxg6 Rd5 32.h5 Rxd6 33.Re4 b6 34.Rhe1 a5 35.a4 Rh6 36.b3 Rh8
37.Kb2 Rh6 38.Re5 Ng7 39.R1e4 Rh8 40.Kc3 Rh6 41.Kc4 Rd2 42.c3 Rh8 43.Re7 Nxh5
44.R7e6+ Kg5 45.R4e5+ Kh4 46.Bxh5 Rxh5 47.Rxh5+ Kxh5 48.Rxc6 Kh4 49.Rg6  1-0

[Event "Arhus Sommer"]
[Site "Arhus"]
[Date "1995.??.??"]
[Round "8"]
[White "Rewitz, Poul"]
[Black "Jacobsen, Bo"]
[Result "0-1"]
[WhiteElo "2325"]
[BlackElo "2265"]

1.e4 g6 2.d4 Bg7 3.Nc3 d6 4.Be3 Nf6 5.f3 b6 6.Qd2 c5 7.Nge2 Nc6 8.O-O-O h5
9.Kb1 Bd7 10.h4 Rb8 11.e5 dxe5 12.dxc5 bxc5 13.Ne4 O-O 14.Bxc5 Bf5 15.N2g3 Qc7
16.Bd3 Nd5 17.Bc4 Nb6 18.Bb3 Bxe4 19.Nxe4 a5 20.a4 Nd4 21.Qxa5 Rb7 22.Rd3 Rfb8
23.Nc3 Ra7 24.Bxb6 Rxb6 25.Nd5 Rxa5 26.Nxc7 e6 27.Rhd1 Bf6 28.g3 Kf8 29.Nb5 Nxb5
30.axb5 Raxb5 31.Rd7 Rb4 32.R1d6 Rxd6 33.Rxd6 e4 34.fxe4 Rxe4 35.Rd3 Be5
36.Rf3 Ke7 37.c3 Rg4 38.Bd1 Rxg3 39.Rxg3 Bxg3 40.b4 Bxh4 41.Kc2 f5 42.Kd3 Be1
43.b5 Bf2  0-1

[Event "Donau op"]
[Site "Aschach"]
[Date "1995.??.??"]
[Round "4"]
[White "Bittner, R."]
[Black "Knoll, Hermann"]
[Result "0-1"]
[WhiteElo "1910"]
[BlackElo "2240"]

1.e4 d6 2.d4 g6 3.Nc3 Bg7 4.Be3 Nf6 5.f3 c6 6.Qd2 b5 7.Bd3 Nbd7 8.d5 cxd5
9.Bxb5 dxe4 10.Bc6 Rb8 11.Bxa7 Rxb2 12.Na4 Qc7 13.Nxb2 Qxa7 14.c4 e3 15.Qb4 O-O
16.Ne2 Ne5 17.Bb5 h5 18.O-O h4 19.h3 Qb7 20.Qb3 Bxh3 21.Qxe3 Nfg4 22.Qb3 Qa7+
23.Kh1 Nf2+ 24.Kh2 Bf5 25.Rac1 Bh6 26.Rc3 h3 27.gxh3 Bxh3 28.Qa3 Qxa3  0-1

[Event "Donau op"]
[Site "Aschach"]
[Date "1995.??.??"]
[Round "4"]
[White "Vrana, Frantisek"]
[Black "Mayer, J."]
[Result "1-0"]
[WhiteElo "2240"]
[BlackElo "2030"]

1.e4 g6 2.d4 Bg7 3.Nc3 d6 4.g3 Nc6 5.d5 Ne5 6.h3 Nf6 7.Bg2 O-O 8.Nge2 c6
9.a4 cxd5 10.Nxd5 Nxd5 11.exd5 Qc7 12.O-O h6 13.Ra2 Bf5 14.b3 g5 15.Nd4 Bg6
16.f4 gxf4 17.gxf4 Nd3 18.cxd3 Bxd4+ 19.Kh1 Qd7 20.Be4 Qxh3+ 21.Rh2 Qd7 22.f5 Bh7
23.Rxh6 Bg7 24.Rxh7  1-0

[Event "Donau op"]
[Site "Aschach"]
[Date "1995.??.??"]
[Round "7"]
[White "Videki, Sandor"]
[Black "Alvir, Aco"]
[Result "0-1"]
[WhiteElo "2470"]
[BlackElo "2325"]

1.e4 g6 2.d4 Bg7 3.Nc3 d6 4.Be3 c6 5.Qd2 b5 6.h4 h5 7.Nh3 Bxh3 8.Rxh3 Nd7
9.f3 Ngf6 10.a4 b4 11.Nd1 Rb8 12.b3 Qc7 13.Nf2 c5 14.g4 O-O 15.Be2 cxd4 16.Bxd4 Rfc8
17.Ba6 Rd8 18.g5 Ne8 19.Bxg7 Nxg7 20.f4 Nc5 21.Be2 e6 22.O-O-O d5 23.e5 Nf5
24.Kb2 Ne4 25.Qe1 Nc3 26.Rd2 Qc5 27.Ka1 Rdc8 28.Bd3 Nxa4 29.Bxf5 Nc3 30.Kb2 exf5
31.e6 Qa5 32.exf7+ Kxf7 33.Qa1 Qxa1+ 34.Kxa1 Rb5 35.Kb2 Ra5 36.Rh1 Ra2+ 37.Kc1 a5  0-1

[Event "AUT-chT2W 9495"]
[Site "Austria"]
[Date "1995.??.??"]
[Round "?.7"]
[White "Genduso, Carmelo"]
[Black "Eiler, Bruno"]
[Result "1-0"]
[WhiteElo "1905"]
[BlackElo "1765"]

1.e4 g6 2.d4 Bg7 3.Nc3 d6 4.Nf3 Nc6 5.h3 Nf6 6.Be3 O-O 7.a4 e5 8.dxe5 dxe5
9.Bc4 Qe7 10.O-O Be6 11.Qe2 Rfd8 12.Bxe6 Qxe6 13.Rfd1 a6 14.Ng5 Qe8 15.Qc4 h6
16.Nf3 Rxd1+ 17.Rxd1 Rd8 18.Rxd8 Qxd8 19.b4 Ne8 20.b5 axb5 21.axb5 Ne7 22.Qa2 c6
23.b6 Nd6 24.Bc5 Nec8 25.Qb3 Qf6 26.Qa4 Qe6 27.Qa8 Kh7 28.Nd2 Bf6 29.Na4 Bg5
30.Nf3 Bf6 31.Bxd6 Nxd6 32.Nc5 Qe7 33.Qb8 Nc4 34.Nxb7 Nxb6 35.Nd6 Nd7 36.Qc7 Qe6
37.Nb7 Be7 38.Kh2 Kg7 39.Na5 c5 40.Nc6 Bd6 41.Qc8 Nf6 42.Qb7 Qd7 43.Qxd7 Nxd7
44.Na5 f5 45.Nd2 Kf6 46.Nac4 Bc7 47.f3 Nb6 48.Ne3 Ke6 49.Kg1 Bd8 50.Nec4 Nxc4
51.Nxc4 Bf6 52.Kf1 Bd8 53.Ke2 Bc7 54.Kd3 f4 55.Na3 Bd8 56.Kc4 Kd6 57.Kb5 Be7
58.Nc4+ Ke6 59.Kc6 Bf8 60.Nb6 Be7 61.c4 g5 62.Nd7 h5 63.Nxc5+ Kf6 64.Kd5 g4
65.Nd7+ Kg5 66.Nxe5 gxh3 67.gxh3 Kh4 68.Ng6+ Kxh3 69.Nxf4+ Kg3 70.Nxh5+ Kxf3
71.Ng7 Kf4 72.Ne6+ Ke3 73.c5  1-0

[Event "AUT-chT2O 9495"]
[Site "?"]
[Date "1995.??.??"]
[Round "?"]
[White "Wallner, Alfred"]
[Black "Humer, Wolfgang"]
[Result "0-1"]
[WhiteElo "2225"]
[BlackElo "2260"]

1.e4 g6 2.d4 Bg7 3.Nc3 d6 4.Nf3 Nf6 5.Bf4 O-O 6.Qd2 c5 7.dxc5 dxc5 8.e5 Qxd2+
9.Bxd2 Ng4 10.Nd5 Nc6 11.Bc3 e6 12.Nf6+ Bxf6 13.exf6 e5 14.h3 Nxf6 15.O-O-O Ne4
16.Be1 Be6 17.Bd3 Nf6 18.Ng5 Bd5 19.c4 Bxg2 20.Rg1 e4 21.Bc3 Nd4 22.Bxd4 cxd4
23.Be2 d3 24.Bxd3 Bxh3 25.Nxe4 Nxe4 26.Bxe4 Rac8 27.b3 b5 28.Bd5 Be6 29.Kb2 bxc4
30.bxc4 Bxd5 31.cxd5 Rfd8 32.Rg3 Rc5 33.Ra3 Rcxd5 34.Rxd5 Rxd5 35.Rxa7 Rd2+
36.Kc3 Rxf2 37.a4 h5 38.Rd7 h4 39.Rd1 h3 40.Kb3 h2 41.a5 g5 42.Ra1 Rf6  0-1

[Event "AUT-chT2S 9495"]
[Site "?"]
[Date "1995.??.??"]
[Round "3"]
[White "Smole, Albert"]
[Black "Singer, Richard"]
[Result "1-0"]
[WhiteElo "2070"]
[BlackElo "2130"]

1.e4 g6 2.d4 Bg7 3.Nc3 d6 4.Be3 Nf6 5.Qd2 Nc6 6.d5 Ne5 7.h3 c6 8.f4 Ned7
9.Nf3 cxd5 10.exd5 a6 11.Qf2 Qa5 12.Bd4 O-O 13.Nd2 b5 14.Nb3 Qc7 15.g4 b4
16.Nd1 Bb7 17.Bg2 Nxd5 18.Bxg7 Kxg7 19.Bxd5 Bxd5 20.Qd4+ Nf6 21.O-O Qa7 22.Ne3 Qxd4
23.Nxd4 Be4 24.Rfe1 Rfe8 25.g5 Nh5 26.f5 Rac8 27.a3 b3 28.cxb3 Nf4 29.h4 a5
30.Rac1 Nd3 31.Rxc8 Rxc8 32.Rf1 gxf5 33.Nexf5+ Kf8 34.Nh6 Bg6 35.h5 Bxh5
36.Ne6+ Ke8 37.Ng7+  1-0

[Event "AUT-chT2S 9495"]
[Site "?"]
[Date "1995.??.??"]
[Round "4"]
[White "Weiss, Leo"]
[Black "Singer, Richard"]
[Result "0-1"]
[WhiteElo "2245"]
[BlackElo "2130"]

1.e4 g6 2.d4 Bg7 3.Nc3 d6 4.g3 Nc6 5.Be3 Nf6 6.h3 O-O 7.Nge2 e5 8.Bg2 exd4
9.Nxd4 Nxd4 10.Bxd4 Be6 11.O-O Qe7 12.Qd2 Rad8 13.Rad1 Rfe8 14.Kh2 h5 15.b3 h4
16.Qg5 Ng4+  0-1

[Event "AUT-chT9495"]
[Site "?"]
[Date "1995.??.??"]
[Round "?"]
[White "Lenz, Alarich"]
[Black "Wiedner, Robert"]
[Result "1/2-1/2"]
[WhiteElo "2220"]
[BlackElo "2245"]

1.e4 g6 2.d4 Bg7 3.Nc3 d6 4.Be3 Nd7 5.Qd2 e5 6.Nge2 a6 7.f3 h6 8.g3 Ne7 9.Bg2 Nc6
10.O-O exd4 11.Nxd4 Nxd4 12.Bxd4 O-O 13.Bxg7 Kxg7 14.Rad1 Rb8 15.Rfe1 f6
16.Nd5 Rf7 17.Qc3 Nf8 18.f4 Bg4 19.Rd2 Be6 20.e5 Bxd5 21.Bxd5 Rd7  1/2-1/2

[Event "AUT-chT9495"]
[Site "?"]
[Date "1995.??.??"]
[Round "?"]
[White "Thallinger, Guenther"]
[Black "Schlosser, Michael"]
[Result "0-1"]
[WhiteElo "2200"]
[BlackElo "2365"]

1.e4 g6 2.d4 Bg7 3.Nc3 d6 4.Nge2 Nd7 5.g3 e5 6.Bg2 Ne7 7.O-O O-O 8.Be3 c6
9.a4 f5 10.f4 fxe4 11.Nxe4 Nf5 12.Bf2 d5 13.Ng5 Qe7 14.c4 exf4 15.Nxf4 Qxg5
16.Ne6 Qf6 17.Nxf8 Nxf8 18.cxd5 cxd5 19.Bxd5+ Be6 20.Bxb7 Rb8 21.Bg2 Nxd4
22.Kh1 Rxb2 23.Bg1 Qd8 24.Qc1 Rxg2 25.Kxg2 Qd5+  0-1

[Event "AUT-chT2S 9596"]
[Site "AUT"]
[Date "1995.??.??"]
[Round "?"]
[White "Steiner, Bruno"]
[Black "Hrastnik, H."]
[Result "1/2-1/2"]
[WhiteElo "2120"]
[BlackElo "2310"]

1.e4 d6 2.d4 g6 3.Nc3 Bg7 4.Be3 Nf6 5.Qd2 h5 6.h3 c6 7.Bd3 e5 8.dxe5 dxe5
9.Nf3 Nbd7 10.O-O O-O 11.a4 Nh7 12.Bc4 Qe7 13.Rfd1 Nc5 14.Qd6 Qxd6 15.Rxd6 Ne6
16.a5 Re8 17.a6 Bf8 18.axb7 Bxb7 19.Rd7 Bc8 20.Rdxa7 Rxa7 21.Rxa7 Bd6 22.Ra8 Nc7
23.Ra1 Be6 24.Bxe6 Nxe6 25.Ra6 Rc8 26.Na4 Nf6 27.Nd2 Nd7 28.Nb6 Nxb6 29.Rxb6 f5
30.exf5 gxf5 31.Nc4 Bb8 32.Rb7 f4 33.Ba7 Bc7 34.Bb6 Bb8 35.Ba7 Bc7 36.Bb6 Bb8
37.Re7 Nd4 38.Nxe5 Bd6 39.Ng6 Nf5 40.Rd7 Rb8 41.Bc7 Bxc7 42.Rxc7 Rxb2 43.Rxc6 f3
44.c3 fxg2 45.Kxg2 Ne3+ 46.Kg3 Nf1+ 47.Kf3 Rc2 48.Ne5 Nd2+ 49.Kf4 Nb1 50.f3 Nxc3
51.Kf5 Kf8 52.f4 Ke7 53.Rc7+ Kd6 54.Rd7+ Kc5 55.Rh7 Nd5 56.Rxh5 Kd4 57.Ng4 Rc8
58.Rh6 Rf8+ 59.Rf6 Nxf6 60.Nxf6 Rh8 61.Kg4 Rh6 62.Nh5 Kd5 63.h4 Ke6 64.Kg5 Rh8
65.Kg6 Ke7 66.f5 Rg8+ 67.Ng7 Rf8 68.h5 Rf6+ 69.Kg5 Ra6 70.h6 Kf7 71.Nh5 Ra8
72.h7 Rb8 73.Kh6 Ra8 74.Nf4 Kf6 75.Ng6 Rb8 76.Kh5 Ra8 77.Kh6 Rb8 78.Kh5 Ra8
79.Kg4 Kg7 80.h8=Q+ Rxh8 81.Nxh8 Kxh8 82.Kf4 Kg7 83.Ke5 Kf7 84.f6 Kf8 85.Kf4 Kf7
86.Kf5 Kf8 87.Ke6 Ke8 88.f7+ Kf8  1/2-1/2

[Event "AUT-chT2S 9596"]
[Site "AUT"]
[Date "1995.??.??"]
[Round "?"]
[White "Kronig, G."]
[Black "Hrastnik, H."]
[Result "1/2-1/2"]
[WhiteElo "2070"]
[BlackElo "2085"]

1.e4 d6 2.d4 g6 3.Nc3 Bg7 4.Nf3 Nf6 5.Be2 O-O 6.O-O c6 7.Bg5 h6 8.Bh4 Nbd7
9.Qd2 e5 10.Rad1 Qc7 11.h3 a6 12.dxe5 dxe5 13.a3 Re8 14.Bc4 Nh5 15.Qd6 Qxd6
16.Rxd6 Nf4 17.Rfd1 Nf8 18.Bd8 Be6 19.Bxe6 N4xe6 20.Bb6 Bf6 21.Na4 Kg7 22.g3 Be7
23.R6d2 f6 24.Kg2 Rac8 25.b4 c5 26.c3 cxb4 27.cxb4 Rc4 28.Rd5 Rec8 29.Be3 R8c6
30.Nd2 Rc2 31.Nb3 Nc7 32.R5d2 Rxd2 33.Rxd2 Nb5 34.Nac5 Nxa3 35.Na5 Rc7 36.Naxb7 Nc4
37.Ra2 a5 38.Nxa5 Nxe3+ 39.fxe3 Bxc5 40.bxc5 Rxc5 41.Nb7 Rc7 42.Nd6 Rd7 43.Ra6 Ne6
44.h4 Kf8 45.Kf3 Ke7 46.Nc8+ Kf7 47.Nd6+ Ke7 48.Nc8+  1/2-1/2

[Event "AUT-chT2O 9596"]
[Site "AUT"]
[Date "1995.??.??"]
[Round "2"]
[White "Krpelan, Wolfgang"]
[Black "Hainzinger, Johann"]
[Result "1-0"]
[WhiteElo "2170"]
[BlackElo "2125"]

1.e4 g6 2.d4 Bg7 3.Nc3 d6 4.Nf3 Nc6 5.h3 e5 6.Be3 f5 7.exf5 Bxf5 8.d5 Nce7
9.Ng5 h6 10.Nge4 Nf6 11.Nxf6+ Bxf6 12.g4 Bd7 13.Ne4 Bg7 14.Qd3 h5 15.Rg1 hxg4
16.hxg4 b5 17.O-O-O Qc8 18.Be2 Qa6 19.Kb1 O-O-O 20.Bg5 Rde8 21.Rh1 Qb7 22.Rxh8 Bxh8
23.Qf3 Nxd5 24.Rxd5 Bc6 25.Qf7 Rd8 26.c4 bxc4 27.Qe7 Rg8 28.Qe6+  1-0

[Event "Avoine op"]
[Site "Avoine"]
[Date "1995.??.??"]
[Round "7"]
[White "Mariette, Christian"]
[Black "Benoit, Michel"]
[Result "1/2-1/2"]
[WhiteElo "2160"]
[BlackElo "2250"]

1.d4 d6 2.e4 g6 3.Nc3 Bg7 4.f4 c6 5.Nf3 Bg4 6.Be3 Qb6 7.Qd2 Bxf3 8.gxf3 Nd7
9.O-O-O O-O-O 10.e5 Qa5 11.Kb1 Kb8 12.Ne4 Qxd2 13.Rxd2 Nh6 14.Bh3 f6 15.exd6 exd6
16.f5 Nb6 17.Bf4 Nc4 18.Rg2 g5 19.b3 Na3+ 20.Kb2 Nb5 21.a4 Nxd4 22.Bxd6+ Ka8
23.Be7 Rd7 24.Bxf6 Nxf3 25.Bxg7 Rxg7 26.f6 Rg6 27.Rf1 g4 28.Bxg4 Nh4 29.f7 Nxf7
30.Rg3 Ne5 31.Bf5 Rxg3 32.hxg3 Nhf3 33.Rh1 h6 34.g4 Nf7  1/2-1/2

[Event "Bad Woerishofen op"]
[Site "Bad Woerishofen"]
[Date "1995.??.??"]
[Round "3"]
[White "Nisipeanu, Liviu Dieter"]
[Black "Hornung, Hans"]
[Result "1-0"]
[WhiteElo "2420"]
[BlackElo "2210"]

1.e4 g6 2.d4 d6 3.Nc3 Bg7 4.Be2 Nc6 5.Nf3 Bg4 6.Be3 e5 7.dxe5 dxe5 8.Qxd8+ Rxd8
9.Nd5 Rd7 10.c3 Nge7 11.Nxe7 Kxe7 12.h3 Bxf3 13.Bxf3 h5 14.Ke2 Bh6 15.Bc5+ Kd8
16.Rhd1 Bf8 17.Be3 Bh6 18.Bxh6 Rxh6 19.Ke3 Rh8 20.Be2 Rxd1 21.Rxd1+ Ke7 22.h4 Rd8
23.Rg1 Rh8 24.g3 Nb8 25.f4 Nd7 26.Rd1 Rd8 27.Bf1 Nf6 28.Rxd8 Kxd8 29.fxe5 Ng4+
30.Kf4 Ke7 31.Be2 Nh6 32.Kg5 Ng8 33.Bc4 a5 34.a4 c6 35.b4 b6 36.bxa5 bxa5
37.Bb3  1-0

[Event "Hofmann Cup"]
[Site "Baden-Baden"]
[Date "1995.??.??"]
[Round "1"]
[White "Sandor, Christian"]
[Black "Gerigk, Erasmus"]
[Result "1-0"]
[WhiteElo "2385"]
[BlackElo "2280"]

1.e4 g6 2.d4 Bg7 3.Nc3 d6 4.Bg5 a6 5.f4 Nc6 6.d5 Nd4 7.Qd2 c5 8.a4 Qb6 9.Rb1 Nf6
10.Be2 Qb4 11.Nf3 Nxe2 12.Qxe2 Nxe4 13.O-O Nxg5 14.Nxg5 h6 15.Nf3 Bg4 16.Rbe1 O-O
17.h3 Bxf3 18.Rxf3 Rae8 19.Kh1 e6 20.Re3 Bd4 21.Re4 e5 22.f5 gxf5 23.Rh4 e4
24.Rxh6 Bg7 25.Rh4 Re5  1-0

[Event "Balatonbereny op"]
[Site "Balatonbereny"]
[Date "1995.??.??"]
[Round "4"]
[White "Nagy, Janos"]
[Black "Kincs, Imre"]
[Result "1/2-1/2"]
[WhiteElo "2310"]
[BlackElo "2215"]

1.e4 g6 2.d4 Bg7 3.Nc3 d6 4.Bg5 a6 5.a4 Nd7 6.Nf3 h6 7.Be3 e6 8.Be2 b6 9.O-O Bb7
10.Nd2 Ne7 11.f4 f5 12.e5 d5 13.Bf3 Rb8 14.Ne2 c5 15.a5 Nc6 16.axb6 cxd4
17.Nxd4 Nxd4 18.Bxd4 Bf8 19.Nb3 Nxb6 20.Bc5 Qc7 21.Qd4 Nd7 22.Bd6 Bxd6 23.exd6 Qb6
24.Qxb6 Nxb6 25.Nc5 Kf7 26.Rfe1 Bc8 27.c4 dxc4 28.Bc6 Rd8 29.Rad1 Bd7 30.Bxd7 Nxd7
31.Nxe6 Re8 32.Nc7 Re4 33.Rxe4 fxe4 34.Rd4 Nf6 35.d7 Rd8 36.Nxa6 Rxd7 37.Rxd7+ Nxd7
38.Kf2 Ke6 39.Ke3 Kf5 40.h3 h5 41.g3 Nb6 42.Nb4 Na4 43.Nc6 Nxb2 44.Nd4+ Kf6
45.Kxe4 Nd3 46.Nc2 Nf2+ 47.Kf3 Nxh3 48.Kg2 Nxf4+ 49.gxf4 g5  1/2-1/2